عرض عادي
عرض مارك
- حسن، رانيا فوزي محمد،
دخول Personal Name
001 - CONTROL NUMBER
- control field: 29333
003 - CONTROL NUMBER IDENTIFIER
- control field: AE-AdECS
005 - DATE AND TIME OF LATEST TRANSACTION
- control field: 20260427095151.0
008 - FIXED-LENGTH DATA ELEMENTS
- fixed length control field: 260427|| aca||aabn | a|a d
040 ## - CATALOGING SOURCE
- Original cataloging agency: AE-AdECS
- Transcribing agency: AE-AdECS
100 ## - HEADING--PERSONAL NAME
- Personal name: حسن، رانيا فوزي محمد،
670 ## - SOURCE DATA FOUND
- Source citation: Work cat.: (AE-AdECS)294929: حسن، رانيا فوزي محمد، مؤلف., تطبيقات الذكاء الاصطناعي في الحروب الافتراضية الإسرائيلية /
